Cultural anthropology and education / (Record no. 3982)

MARC details
000 -LEADER
fixed length control field 00894nam a2200265 a 4500
001 - CONTROL NUMBER
control field 2415170
003 - CONTROL NUMBER IDENTIFIER
control field OSt
005 - DATE AND TIME OF LATEST TRANSACTION
control field 20230717104855.0
008 - FIXED-LENGTH DATA ELEMENTS--GENERAL INFORMATION
fixed length control field 860902s1986 enk b i000 0 eng
010 ## - LIBRARY OF CONGRESS CONTROL NUMBER
LC control number 86200201
020 ## - INTERNATIONAL STANDARD BOOK NUMBER
International Standard Book Number 923102339X
040 ## - CATALOGING SOURCE
Original cataloging agency DLC
Transcribing agency DLC
Modifying agency DLC
082 ## - DEWEY DECIMAL CLASSIFICATION NUMBER
Classification number 370.1
Item number CAM
100 1# - MAIN ENTRY--PERSONAL NAME
Personal name Camilleri, Carmel.
245 10 - TITLE STATEMENT
Title Cultural anthropology and education /
Statement of responsibility, etc. C. Camilleri ; prepared for the International Bureau of Education.
260 ## - PUBLICATION, DISTRIBUTION, ETC. (IMPRINT)
Place of publication, distribution, etc. London :
Name of publisher, distributor, etc. K. Page in association with Unesco,
Date of publication, distribution, etc. 1986.
300 ## - PHYSICAL DESCRIPTION
Extent 171 p. ;
Dimensions 21 cm.
440 #0 - SERIES STATEMENT/ADDED ENTRY--TITLE
Title Educational sciences
504 ## - BIBLIOGRAPHY, ETC. NOTE
Bibliography, etc Bibliography: p. [170]-171.
650 #0 - SUBJECT ADDED ENTRY--TOPICAL TERM
Topical term or geographic name as entry element Educational anthropology.
710 2# - ADDED ENTRY--CORPORATE NAME
Corporate name or jurisdiction name as entry element International Bureau of Education.
906 ## - LOCAL DATA ELEMENT F, LDF (RLIN)
a 7
b cbc
c orignew
d 3
e ncip
f 19
g y-gencatlg
942 ## - ADDED ENTRY ELEMENTS (KOHA)
Source of classification or shelving scheme Dewey Decimal Classification
Koha item type Books
Holdings
Withdrawn status Lost status Source of classification or shelving scheme Damaged status Not for loan Home library Current library Date acquired Total Checkouts Full call number Barcode Date last seen Price effective from Koha item type
    Dewey Decimal Classification     County Hall Archives County Hall Archives 07/17/2023   370.1 CAM 10000176 07/17/2023 07/17/2023 Books
LIBRARY OPENING HOURS

When the Parliament is sitting: 8.00a.m - 7.00p.m or until the house adjourns
Mondays and Fridays and when the House is on Recess:  8.00a.m - 5.00p.m
Closed on Weekends and Public Holidays

Online Public Access Catalog (OPAC)
Website: http://www.parliament.go.ke
Bunge Library: https://libraryir.parliament.go.ke
Contact: library@parliament.go.ke | Tel no: (254-2)2221291 or 2848000 Ext 5043